• 首页
  • 本馆介绍
  • 公告通知
  • 最新文献
  • 馆藏检索
  • 电子资源
  • 读者导购
  • 参考咨询
  • 我的图书馆
  • 登录
  • 详细信息显示
  • 放入我的书架
  • 预约/预借图书
  • 作者相关作品
  • 分类相关作品
  • 丛书相关作品
  • 出版社相关作品

书目信息

  • 表格格式
  • 工作单格式
  • 卡片格式
题名:
教育杂谈
    
 
作者: 潘贵, 著
分册:  
出版信息: 成都   四川大学出版社  2018
页数: 160页
开本: 21cm
丛书名:
单 册:
中图分类: G630-53
科图分类:
主题词: 中小学教育--zhong xiao xue jiao yu--教育研究--文集
电子资源:
ISBN: 978-7-5690-1503-4
000 00640nam0 2200229 450
001 012001003514
005 20140113134633.0
010    @a978-7-5690-1503-4@dCNY22.00
099    @aCAL 012018195184
100    @a20181209d2018 em y0chiy50 ea
101 0  @achi
102    @aCN@b510000
105    @ay z 000yy
106    @ar
200 1  @a教育杂谈@Ajiao yu za tan@f潘贵著
210    @a成都@c四川大学出版社@d2018
215    @a160页@d21cm
606 0  @a中小学教育@Azhong xiao xue jiao yu@x教育研究@j文集
690    @aG630-53@v5
701  0 @a潘贵,@Apan gui@f1941-@4著
801    @b江苏凤凰@c20191020
905    @b1236287-92@dG630-53@e829@f6
    
    教育杂谈/潘贵著.-成都:四川大学出版社,2018
    160页;21cm
    
    
    ISBN 978-7-5690-1503-4:CNY22.00
    
●
相关链接 在E读中查询图书 在五车中查询图书 在当当中查询图书 在豆瓣中查询图书


正题名:教育杂谈     索取号:G630-53/829         预约/预借

序号 登录号 条形码 馆藏地/架位号 状态 备注
1 1236287   212362879   第一样本阅览室/ [索取号:G630-53/829] 在馆    
2 1236288   212362888   教育系资料室/ [索取号:G630-53/829] 在馆    
3 1236289   212362897   教育系资料室/ [索取号:G630-53/829] 在馆    
4 1236290   212362904   教育系资料室/ [索取号:G630-53/829] 在馆    
5 1236291   212362913   第四借阅区/ [索取号:G630-53/829] 在馆    
6 1236292   212362922   第四借阅区/ [索取号:G630-53/829] 在馆    
唐山师范学院图书馆 欢迎您!
大连网信软件有限公司© 版权所有